Lanean...

Dakshina American rajyangal /

Xehetasun bibliografikoak
Egile nagusia: Chandrasekharan Nair, Vaikkom
Hizkuntza:Undetermined
Argitaratua: D C Books : 1978.
Saila:Lokarashtrangal;13
Gaiak:
LEADER 00529nam a2200169Ia 4500
001 7032
008 170722s9999 xx 000 0 und d
100 |a Chandrasekharan Nair, Vaikkom 
245 |a Dakshina American rajyangal / 
260 |a D C Books :  |c 1978. 
300 |a 178 p.  |c 18cms 
490 |a Lokarashtrangal;13 
653 |a Generalia 
653 |a South America 
942 |c GEN 
999 |c 94123  |d 94123 
952 |0 0  |1 0  |4 0  |6 Z_791_000000000000000_32L81  |7 0  |9 132028  |a LIB  |b LIB  |d 2013-03-25  |o z791 32L8;1  |p 171902  |r 2017-08-12  |w 2017-08-12  |y GEN